|
|
|
|
| LEADER |
00000nam a2200000 a 4500 |
| 003 |
AR-BeUNQ |
| 005 |
20180509145104.0 |
| 008 |
180412s2014 mx d f000 0 spa d |
| 999 |
|
|
|c 29911
|d 113711
|
| 020 |
|
|
|a 9786070251740
|
| 020 |
|
|
|a 6070251741
|
| 040 |
|
|
|a CGU
|b spa
|c CGU
|e aacr
|d DLC
|d AR-BeUNQ
|
| 041 |
0 |
|
|a spa
|b eng
|b spa
|f eng
|h spa
|
| 082 |
0 |
4 |
|2 21
|a 338.938
|
| 245 |
0 |
0 |
|a Democracia, financiarización y neoextraccionismo ante los desafíos de la industrialización y el mercado de trabajo /
|c coordinadora, Alicia Girón.
|
| 260 |
|
|
|a México :
|b Universidad Nacional Autónoma de México. Instituto de Investigaciones Económicas,
|c 2014.
|
| 300 |
|
|
|a 214 p. :
|b tablas, gráficos ;
|c 23 cm.
|
| 490 |
1 |
|
|a Colección de libros problemas del desarrollo
|
| 504 |
|
|
|a Incluye referencias bibliográficas.
|
| 546 |
|
|
|a Artículos en español. Tabla de contenidos y resúmenes en español y en inglés.
|
| 650 |
|
7 |
|a Democracia
|2 spines
|
| 650 |
|
7 |
|a Política financiera
|2 spines
|
| 650 |
|
7 |
|a Finanzas públicas
|2 spines
|
| 650 |
|
7 |
|a Crisis económica
|2 spines
|
| 650 |
|
7 |
|a Materias primas
|2 spines
|
| 650 |
|
7 |
|a Industrialización
|2 spines
|
| 650 |
|
7 |
|a Desarrollo económico
|2 spines
|
| 650 |
|
7 |
|a Política científica y tecnológica
|2 spines
|
| 650 |
|
7 |
|a Mercado de trabajo
|2 spines
|
| 651 |
|
7 |
|a América Latina
|2 toit
|
| 651 |
|
7 |
|a México
|2 spines
|
| 700 |
1 |
|
|a Girón, Alicia,
|e editora
|4 edt
|
| 830 |
|
0 |
|a Colección de libros problemas del desarrollo (Universidad Nacional Autónoma de México)
|9 343
|l Español
|
| 929 |
|
|
|a DONACION
|b Roberto Soto Esquivel
|d 0
|e 20170613
|f PAT0067162
|g 3251 Exp. 827-0387/98
|j 56962
|
| 929 |
|
|
|a DONACION
|b Roberto Soto Esquivel
|d 0
|e 20170613
|f PAT0067163
|g 3251 Exp. 827-0387/98
|j 56963
|
| 942 |
|
|
|c LIB
|n 0
|